Pokemony typu "Ogień", generacja pierwsza -nagła śmierć - Statystyki

Ogólne statystyki
  • Ten quiz został rozwiązany 66 razy
  • Średni wynik to 10 z 12
Answers on the Grid
Answers color-coded by a green-red scale on the quiz's grid according to % correct below.
Bulbasaur
Ivysaur
Venusaur
Charmander
Charmeleon
Charizard
Squirtle
Wartortle
Blastoise
Caterpie
Metapod
Butterfree
Weedle
Kakuna
Beedrill
Pidgey
Pidgeotto
Pidgeot
Rattata
Raticate
Spaerow
Fearow
Ekans
Arbok
Pikachu
Raichu
Sandshrew
Sandslash
Nidoran
Nidorina
Nidoqueen
Nidoran
Nidorino
Nidoking
Clefairy
Clefable
Vulpix
Ninetales
Jigglypuff
Wigglytuff
Zubat
Golbat
Oddish
Gloom
Vileplume
Paras
Parasect
Venonat
Venomoth
Diglett
Dugtrio
Meowth
Persian
Psyduck
Golduck
Mankey
Primeape
Growlithe
Arcanine
Poliwag
Poliwhirl
Poliwrath
Abra
Kadabra
Alakazam
Machop
Machoke
Machamp
Bellsprout
Weepinbell
Victreebel
Tentacool
Tentacruel
Geodude
Graveler
Golem
Ponyta
Rapidash
Slowpoke
Slowbro
Magnemite
Magneton
Farfetch'd
Doduo
Dodrio
Seel
Dewgong
Grimer
Muk
Shellder
Cloyster
Gastley
Haunter
Gengar
Onix
Drowzee
Hypno
Krabby
Kingler
Voltorb
Electrode
Exeggcute
Exeggutor
Cubone
Marowak
Hitmonlee
Hitmonchan
Lickitung
Koffing
Weezing
Rhyhorn
Rhydon
Chansey
Tangela
Kangaskhan
Horsea
Seadra
Goldeen
Seaking
Staryu
Starmie
Mr. Mime
Scyther
Jynx
Electabuzz
Magmar
Pinsir
Tauros
Magikarp
Gyarados
Lapras
Ditto
Eevee
Vaporeon
Jolteon
Flareon
Porygon
Omanyte
Omastar
Kabuto
Kabutops
Aerodactyl
Snorlax
Articuno
Zapdos
Moltres
Dratini
Dragonair
Dragonite
Mewtwo
Mew
 
Statystyki odpowiedzi
Odpowiedź % Poprawnych
Charmeleon
98%
Charizard
96%
Charmander
96%
Arcanine
83%
Vulpix
83%
Flareon
81%
Growlithe
81%
Ninetales
81%
Moltres
80%
Ponyta
80%
Magmar
78%
Rapidash
78%
Nie znaleziono quizów pasujących do podanych kryteriów
Rozkład punktacji
Procent ludzi z każdym wynikiem
Percentyl według liczby udzielonych odpowiedzi
Twoja historia wyników
Nie rozwiązałeś tego quizu